Sports Quiz

Random Sports or NFL Quiz

Last 14 Steelers 1000-yd Passers Quiz Stats

 Plays Quiz not verified by Sporcle

Score 0/14 Timer 10:00
0 Plays Today
Year(s) Quarterback % Correct
2004-2018Ben Roethlisberger
98.9%
1970-'73, '75-'82Terry Bradshaw
97.8%
1997-2002Kordell 'Slash' Stewart
95.5%
2002-2003Tommy Maddox
88.8%
1991-1995Neil O'Donnell
84.3%
1988-1991Bubby Brister
64%
1984-1987Mark Malone
59.6%
Year(s) Quarterback % Correct
1996, '99Mike Tomczak
53.9%
1984-1985David Woodley
34.8%
1974Joe Gilliam
32.6%
1983Cliff Stoudt
31.5%
1968-1969Dick Shiner
13.5%
1965-1967Bill Nelsen
11.2%
1967Kent Nix
11.2%

You're not logged in!

Compare scores with friends on all Sporcle quizzes.
OR
Log In

Sporcle TV

Today on Sporcle TV


Watch our educational content, quiz creation guides, and fun videos on Sporcle TV.

Show Comments

Extras

Top Quizzes Today


Score Distribution

Your Account Isn't Verified!

In order to create a playlist on Sporcle, you need to verify the email address you used during registration. Go to your Sporcle Settings to finish the process.

Report this User

Report this user for behavior that violates our Community Guidelines.

Details: